On-line marketing diplomová práca

Uložené v:
Podrobná bibliografia
Hlavný autor: Pek, Roman
Korporativný autor: Obchodná fakulta EU. Katedra tovaroznalectva a kvality tovaru
Ďalší autori: Jurkovičová, Lujza
Médium: Kniha
Jazyk:Slovak
Vydavateľské údaje: Bratislava 2018
Tagy: Pridať tag
Žiadne tagy, Buďte prvý, kto otaguje tento záznam!

MARC

LEADER 00000nbm a2200000 4500
001 0243351
005 20180911140018.9
041 0 |a slo 
044 |a SK 
245 1 0 |a On-line marketing  |b diplomová práca  |c Roman Pek ; školiteľ: Lujza Jurkovičová 
264 1 |a Bratislava  |c 2018 
300 |a 75 s. 
100 1 |a Pek, Roman 
700 1 |a Jurkovičová, Lujza 
710 2 |a Obchodná fakulta EU. Katedra tovaroznalectva a kvality tovaru